| 000 | 01917nam a22003377a 4500 | ||
|---|---|---|---|
| 003 | DO-SdBNP | ||
| 005 | 20260310104012.0 | ||
| 007 | ta | ||
| 008 | 220204b2021 cl abcd| |||| 00| 0 spa d | ||
| 020 | _a9789584929952 | ||
| 040 |
_aDO-SdBNP _bspa _cBNPHU |
||
| 082 | 4 |
_a325.27294097293 _bC975u _222 |
|
| 100 | 1 |
_aCuriel Pichardo, Ochy _981149 |
|
| 245 | 1 | 0 |
_aUn golpe de estado : _b la sentencia 168-13 continuidades y discontinuidades del racismo en República Dominicana / _cOchy Curiel Pichardo ; edición María Teresa Garzón. |
| 260 |
_aBogota, Colombia : _bEn la Frontera, _c2021. |
||
| 300 |
_a359 p. : _bil., cuadros, fots., gráfs. , mapa; _c23 cm. |
||
| 500 | _aIncluye datos biográficos de la autora : p. 361 | ||
| 500 | _aIncluye referencias bibliográficas y notas al pie de las páginas | ||
| 504 | _aBibliografía : p. 317-348 | ||
| 505 | 0 |
_aAgradecimientos -- _tIntroducción -- _gCapítulo 1. _tUna isla, dos Estados nacionales -- _gCapítulo 2. _tLos bateyes: apartheid en territorio nacional -- _gCapítulo 3. _tLa Sentencia 168: un golpe de estado para dejar morir -- _gCapítulo 4. _tEl plan de regularización: apartheid jurídico y administrativo -- _gCapítulo 5. _tPoder y discurso: los periódicos dominicanos -- _gCapítulo 6. _t “Hay resistencia porque hay poder” -- _tConclusiones finales -- _tBibliografía -- _tAnexo -- |
|
| 590 | _aInventariado, 2022 /LP | ||
| 650 | 4 |
_aCiudadania _zRepública Dominicana _964470 |
|
| 650 | 4 |
_aHijos de no ciudadanos _xSituación legal _zRepública Dominicana _981703 |
|
| 650 | 4 |
_aHaitianos en República Dominicana _xCondiciones sociales _981704 |
|
| 650 | 0 |
_aDiscriminación racial _92280 |
|
| 651 | 4 |
_aHaiti _xEmigración e inmigración _91425 |
|
| 651 | 4 |
_aRepública Dominicana _xRelaciones _zHaiti _95153 |
|
| 700 | 1 |
_aGarzón, María Teresa, _eed. _981151 |
|
| 910 | _aLopérez./Validado. Control de calidad MFF | ||
| 942 |
_2ddc _cLBS1 |
||
| 999 |
_c51351 _d51351 |
||